| 000 | 00749nam a2200205 a 4500 | ||
|---|---|---|---|
| 005 | 20151124102820.0 | ||
| 008 | 140221b1998 ck ||||| |||| 00| 0 spa d | ||
| 040 |
_aCO-BoIAVH _cCO-BoIAVH |
||
| 041 | _aspa | ||
| 044 | _ack | ||
| 090 |
_aLB _b00625 |
||
| 110 |
_bInstituto de Hidrología, Meteorología y Estudios Ambientales _942829 |
||
| 245 | _aPosible afectación del abastecimiento de agua para la población urbana por alteraciones de la oferta hídrica asociadas al fenómeno cálido del Pacífico (situación entre marzo de 1997 y febrero | ||
| 260 |
_aBogotá _bIDEAM _c1998 |
||
| 300 | _a30 p. | ||
| 650 |
_aRecursos hídricos _942830 |
||
| 650 |
_aFenómeno de El Niño _93883 |
||
| 650 |
_aImpacto ambiental _942831 |
||
| 942 |
_cINFORME _2z |
||
| 999 |
_c641 _d641 |
||